Výsledky a perspektivy polského stabilizačního programu.

Vládny hospodársky program vyhlásený v októbri 1989 má dva kľúčové komponenty: antiinflačný, stabilizačný program (v spolupráci s MMF) a základnú schému privatizácie. Analýza predpokladov realizácie stabilizačného programu a zmien v ekonomickom systéme. Charakteristika hospodárskej politiky pre obdo...

Descrizione completa

Salvato in:
Dettagli Bibliografici
Autore principale: Dabrowski, Marek
Natura: Capitolo di libro
Lingua:ceco
Soggetti:
Tags: Aggiungi Tag
Nessun Tag, puoi essere il primo ad aggiungerne!!

MARC

LEADER 00000naa a2200000 4500
001 r004564
005 20221125080956.0
041 0 |a cze 
044 |a [CS] 
245 1 0 |a Výsledky a perspektivy polského stabilizačního programu.  |c M. Dabrowski 
520 |a Vládny hospodársky program vyhlásený v októbri 1989 má dva kľúčové komponenty: antiinflačný, stabilizačný program (v spolupráci s MMF) a základnú schému privatizácie. Analýza predpokladov realizácie stabilizačného programu a zmien v ekonomickom systéme. Charakteristika hospodárskej politiky pre obdobie nasledujúce po stabilizácii. Náčrt hlavných opatrení hospodárskej politiky. 
610 2 0 |a stabilizácia hospodárstva 
610 2 0 |a programy vládne 
610 2 0 |a privatizácia 
610 2 0 |a inflácia 
610 2 0 |a politika hospodárska 
610 2 0 |a PR 
610 2 0 |a Medzinárodný menový fond 
100 1 |a Dabrowski, Marek